The crest of the summer /

Bibliographic Details
Main Author: Voronov, Nikolaĭ Pavlovich
Format: Book
Language:English
Russian
Published: Moscow : Progress Publishers, [1980]

MARC

Tag First Indicator Second Indicator Subfields
LEADER 00000cam a2200000 a 4500
001 in00000085811
005 20151008053308.0
008 811215s1980 rur 00011 eng
010 |a  81168344  
015 |a USSR*** 
035 |a (OCoLC)08109869 
035 |9 AAH6960AM 
039 0 |a 2  |b 3  |c 3  |d 3  |e 3 
040 |a DLC  |c DLC  |d TXA  |d UtOrBLW 
041 1 |a eng  |a rus 
049 |a TXAM  |c [1633214] 
050 0 0 |a PG3489.4 R66  |b  M313 
082 0 |a 891.73/44  |2 19 
100 1 |a Voronov, Nikolaĭ Pavlovich. 
240 1 0 |a Makushka leta.  |l English 
245 1 4 |a The crest of the summer /  |c Nikolai Voronov ; [translated from the Russian by Yuri Nemetsky and Sergei Syrovatkin]. 
264 1 |a Moscow :  |b Progress Publishers,  |c [1980] 
264 4 |c ©1980 
300 |a 359 pages ;  |c 21 cm. 
336 |a text  |b txt  |2 rdacontent 
337 |a unmediated  |b n  |2 rdamedia 
338 |a volume  |b nc  |2 rdacarrier 
500 |a Translation of: Makushka leta. 
999 |a MARS 
999 f f |s 4e21400a-61fd-3d70-b636-a92b058636a0  |i 09e3b27b-3764-3fc3-a7b8-cde3ea308ec2  |t 0 
952 f f |p ric  |a Texas A&M University  |b Rellis Campus  |c Joint Library Facility  |d Remote Storage  |t 0  |e PG3489.4 R66 M313  |h Library of Congress classification  |i unmediated -- volume  |m A14805948763 
998 f f |a PG3489.4 R66 M313  |t 0  |l Remote Storage